BUBT Library Online Catalog

ব্যক্তিগত আন্তর্জাতিক আইন / (Record no. 7079)

000 -LEADER
fixed length control field 00941nam a22002417a 4500
003 - CONTROL NUMBER IDENTIFIER
control field BUBTL
008 - FIXED-LENGTH DATA ELEMENTS--GENERAL INFORMATION
fixed length control field 230813b ||||| |||| 00| 0 eng d
020 ## - INTERNATIONAL STANDARD BOOK NUMBER
International Standard Book Number 9847021500598
041 ## - LANGUAGE CODE
Language code of text/sound track or separate title ben
Language code of original eng
082 ## - DEWEY DECIMAL CLASSIFICATION NUMBER
Classification number 341/ P1708p/ 2015
100 ## - MAIN ENTRY--PERSONAL NAME
9 (RLIN) 5280
Personal name পাল, নির্মল চন্দ্র
245 ## - TITLE STATEMENT
Title ব্যক্তিগত আন্তর্জাতিক আইন /
Statement of responsibility, etc. নির্মল চন্দ্র পাল
246 ## - VARYING FORM OF TITLE
Title proper/short title Private International Law
250 ## - EDITION STATEMENT
Edition statement 2nd ed.
260 ## - PUBLICATION, DISTRIBUTION, ETC. (IMPRINT)
Place of publication, distribution, etc. ঢাকা :
Name of publisher, distributor, etc. সামছ পাবলিকেশন্স,
Date of publication, distribution, etc. c2015
300 ## - PHYSICAL DESCRIPTION
Extent xvi, 400 p.:
Dimensions 22 cm.
505 ## - FORMATTED CONTENTS NOTE
Formatted contents note ব্যক্তিগত আন্তর্জাতিক আইন, Private International Law, নির্মল চন্দ্র পাল, Law
526 ## - STUDY PROGRAM INFORMATION NOTE
Program name Law
650 #0 - SUBJECT ADDED ENTRY--TOPICAL TERM
9 (RLIN) 26
Topical term or geographic name as entry element Law
856 ## - ELECTRONIC LOCATION AND ACCESS
Password 0
Logon 0
Link text Download
942 ## - ADDED ENTRY ELEMENTS (KOHA)
Source of classification or shelving scheme
Koha item type Books
Holdings
Withdrawn status Lost status Source of classification or shelving scheme Damaged status Not for loan Collection code Permanent location Current location Shelving location Date acquired Source of acquisition Inventory number Total Checkouts Full call number Barcode Date last seen Copy number Price effective from Koha item type
        Not For Loan Non-fiction Bangladesh University of Business and Technology Library Bangladesh University of Business and Technology Library Law Stacks 07/30/2023 Purchase 29558   341/ P1708p/ 2015 BUBTL-200329558 08/13/2023 C-1 08/13/2023 Books
        Not For Loan Non-fiction Bangladesh University of Business and Technology Library Bangladesh University of Business and Technology Library Law Stacks 07/30/2023 Purchase 29559   341/ P1708p/ 2015 BUBTL-200329559 08/13/2023 C-2 08/13/2023 Books
        Not For Loan Non-fiction Bangladesh University of Business and Technology Library Bangladesh University of Business and Technology Library Law Stacks 07/30/2023 Purchase 29560   341/ P1708p/ 2015 BUBTL-200329560 08/13/2023 C-3 08/13/2023 Books

More Information About Library

Library Hours

  • Open: 9.00 am. to 9.00 pm.
  • Only Sunday: 9.00 am. to 6.00 pm.
  • Closed: Holiday

Contact to the University

Bangladesh University of Business and Technology Library

  • Mirpurl-2, 1216.
  • Phone:
  • Fax:
  • E-Mail: admin.library@bubt.edu.bd

Contact to the Library

Contact Person:

Md. Abdul Hakim Shah
Joint Librarian
PABX No:  113
Cell No: 01816332931
E-mail: official: admin.library@bubt.edu.bd
Personal: hakim.shah@bubt.edu.bd


BUBT Library

Copyright © 2021